| 000 | 00995cam a2200265 i 4500 | ||
|---|---|---|---|
| 999 |
_c200442253 _d60465 |
||
| 003 | TR-AnTOB | ||
| 005 | 20231130135001.0 | ||
| 007 | ta | ||
| 008 | 210726s1990 tu a 100 0 tur d | ||
| 040 |
_aTR-AnTOB _beng _erda _cTR-AnTOB |
||
| 041 | 0 | _atur | |
| 050 | 4 |
_bHD9866.T92 _aİ4 1990 |
|
| 090 |
_aHD9866.T92 _bİ4 1990 |
||
| 111 | 2 |
_a2000'li Yıllarda Tekstil ve Konfeksiyon Semineri _d(1990 : _cİstanbul) _9139252 |
|
| 245 | 1 | 0 |
_a2000'li yıllarda tekstil ve konfeksiyon semineri : _b11-12 Aralık '90, Atatürk Kültür Merkezi, İstanbul / _cyayına hazırlayan Esra Boyacıoğlu. |
| 264 | 1 |
_aİstanbul: _bİstanbul Tekstil ve Konfeksiyon İhracatçı Birlikleri, _c1990. |
|
| 300 |
_a194 pages : _billustrations ; _c30 cm |
||
| 336 |
_2rdacontent _atext _btxt |
||
| 337 |
_2rdamedia _aunmediated _bn |
||
| 338 |
_2rdacarrier _avolume _bnc |
||
| 650 | 0 |
_aTekstil endüstrisi _zTürkiye _vKongreler _966594 |
|
| 942 |
_2lcc _cBK |
||